000 00553cam a22002053a 4500
001 44952
003 PGUSA
005 20140828084027.0
008 140217s2014||||xxu|||||s|||||000 | eng d
040 _aPGUSA
_beng
042 _adc
100 1 _aLyons, A. Neil
245 1 0 _aSixpenny Pieces
_h[electronic resource] /
_cA. Neil Lyons
260 _bProject Gutenberg,
_c2014
506 _aPublic domain in the USA.
516 _aElectronic text
830 0 _aProject Gutenberg
_v44952
856 4 0 _uhttp://www.gutenberg.org/ebooks/44952
942 _cEB
999 _c274203
_d274203